| 000 | 00713pam a2200217 a 4500 | ||
|---|---|---|---|
| 020 | _a1741145856 | ||
| 040 | _cANL | ||
| 082 | 0 | 4 | _a382 ALL 2004 A068 Or. |
| 100 | 1 | _aWeiss, Linda | |
| 245 | 1 | 0 |
_aHow to kill a country : _bAustralia's devastating trade deal with the United States / |
| 260 |
_aCrows Nest, N.S.W. : _bAllen & Unwin, _c2004. |
||
| 300 |
_ax, 190 p. : _bill. ; _c20 cm. |
||
| 650 | 0 | _aFree trade | |
| 650 | 0 | _aFree trade | |
| 650 | 0 | _aInternational trade. | |
| 700 | 1 | _aThurbon, Elizabeth. | |
| 700 | 1 | _aMathews, John A. | |
| 856 | 4 | 2 | _uhttp://www.loc.gov/catdir/enhancements/fy0627/2005391679-b.html |
| 856 | 4 | 2 | _uhttp://www.loc.gov/catdir/enhancements/fy0627/2005391679-d.html |
| 942 | _cEK | ||
| 999 |
_c14473 _d14473 |
||